Tribes and Temples (Record no. 9104)

MARC details
000 -CABECERA
campo de control de longitud fija 00909nam a2200253 a 4500
001 - NÚMERO DE CONTROL
campo de control BRL_291
005 - FECHA Y HORA DE LA ÚLTIMA TRANSACCIÓN
campo de control 20190320210655.0
008 - DATOS DE LONGITUD FIJA--INFORMACIÓN GENERAL
campo de control de longitud fija 220713m19261927u--ob#####---#000-0#eng-#
041 ## - CÓDIGO DE LENGUA
Código de lengua del texto/banda sonora o título independiente eng
044 ## - CÓDIGO DEL PAÍS DE LA ENTIDAD EDITORA/PRODUCTORA
Código MARC del país u
050 #4 - SIGNATURA TOPOGRÁFICA DE LA BIBLIOTECA DEL CONGRESO
Número de clasificación F1219
Número de documento/Ítem .T75 1926
245 10 - MENCIÓN DE TÍTULO
Título Tribes and Temples
Resto del título a Record of the Expedition to Middle America Conducted
Mención de responsabilidad, etc. by The Tulane University of Louisiana in 1925.
260 ## - PUBLICACIÓN, DISTRIBUCIÓN, ETC.
Lugar de publicación, distribución, etc. Nueva Orleans, Luisiana
Nombre del editor, distribuidor, etc. The Tulane University of Louisiana
Fecha de publicación, distribución, etc. 1926-1927
300 ## - DESCRIPCIÓN FÍSICA
Extensión 2 v.
Otras características físicas il. (algunas a color), mapas, 4 hojas plegables
Dimensiones 27 cm.
500 ## - NOTA GENERAL
Nota general v.1. Au2110. v.2. Au2109
504 ## - NOTA DE BIBLIOGRAFÍA, ETC.
Nota de bibliografía, etc. Incluye referencias bibliográficas e índice
650 14 - PUNTO DE ACCESO ADICIONAL DE MATERIA--TÉRMINO DE MATERIA
Término de materia o nombre geográfico como elemento de entrada Mayas
Subdivisión general Antigüedades
9 (RLIN) 9555
650 14 - PUNTO DE ACCESO ADICIONAL DE MATERIA--TÉRMINO DE MATERIA
Término de materia o nombre geográfico como elemento de entrada Indígenas de México
9 (RLIN) 4678
650 14 - PUNTO DE ACCESO ADICIONAL DE MATERIA--TÉRMINO DE MATERIA
Término de materia o nombre geográfico como elemento de entrada Etnología
Subdivisión geográfica México
9 (RLIN) 23472
651 #4 - PUNTO DE ACCESO ADICIONAL DE MATERIA--NOMBRE GEOGRÁFICO
Nombre geográfico México
Subdivisión general Antigüedades
9 (RLIN) 2765
710 2# - PUNTO DE ACCESO ADICIONAL--NOMBRE DE ENTIDAD CORPORATIVA
Nombre de entidad corporativa o nombre de jurisdicción como elemento de entrada The Tulane University of Louisiana
9 (RLIN) 23473
902 ## - CATALOGADOR
Iniciales GRL
942 ## - ELEMENTOS DE PUNTO DE ACCESO ADICIONAL (KOHA)
Fuente del sistema de clasificación o colocación Library of Congress Classification
Tipo de ítem Koha Libros
Holdings
Estado de retiro Estado de pérdida Estado dañado No para préstamo Localización permanente Ubicación/localización actual Fecha de adquisición Total de préstamos Signatura topográfica completa Código de barras Fecha visto por última vez Precio válido a partir de Tipo de ítem Koha
El ejemplar forma parte de la colección y puede ser consultado según las políticas vigentes.       Biblioteca Centro de Estudios Ruth D. Lechuga Biblioteca Centro de Estudios Ruth D. Lechuga 22/07/2013   F1219 .T75 1926 GRL00306 22/03/2019 22/03/2019 Libros
El ejemplar forma parte de la colección y puede ser consultado según las políticas vigentes.       Biblioteca Centro de Estudios Ruth D. Lechuga Biblioteca Centro de Estudios Ruth D. Lechuga 15/07/2013   F1219 .T75 1926 GRL00307 22/03/2019 22/03/2019 Libros